Experiments in biochemistry: a hands-on approach. A manual for the undergraduate laboratory
Sparad:
| Huvudupphovsmän: | , |
|---|---|
| Materialtyp: | Bok |
| Språk: | engelska |
| Publicerad: |
Stamford
Thomson Learning
2000
|
| Serie: | Schaum's Outlines
|
| Ämnen: | |
| Taggar: |
Lägg till en tagg
Inga taggar, Lägg till första taggen!
|
MARC
| LEADER | 00000nam a2200000 a 4500 | ||
|---|---|---|---|
| 001 | UCL7682 | ||
| 003 | CL-VaPUC | ||
| 008 | 040528e20000000us |||||||||||||||||eng|d | ||
| 020 | |a 003021847 | ||
| 082 | 0 | 4 | |a 572 |b FAR |2 21 |
| 100 | 0 | |a Farrell, Shawn O |e author |9 485532 | |
| 700 | 0 | |a Ranallo, Ryan T |e author |9 485533 | |
| 245 | 1 | 0 | |a Experiments in biochemistry: a hands-on approach. A manual for the undergraduate laboratory |
| 300 | |a 323 p | ||
| 942 | |c BK | ||
| 945 | |d 20040528 00:00:00 |a cmena | ||
| 260 | |a Stamford |b Thomson Learning |c 2000 | ||
| 650 | 0 | |a Bioquímica |9 259492 | |
| 650 | 7 | |a EXPERIMENTOS CIENTIFICOS |2 CL-VaPUC |9 320167 | |
| 650 | 0 | |a Cromatografía |9 263967 | |
| 650 | 0 | |a Cinética |9 260943 | |
| 583 | |a last modification |c 20171218 05:59:12 |k Rodrigo Vera | ||
| 490 | 0 | |a Schaum's Outlines | |
| 999 | |c 309307 |d 309305 | ||
| 952 | |0 0 |1 0 |4 0 |6 572_000000000000000_FAR_2000 |7 0 |8 A |9 376725 |a BIBCUR |b BIBCUR |d 2019-11-21 |i 4021142 |l 1 |o 572 FAR 2000 |p 4021142 |r 2025-04-22 |s 2023-06-06 |w 2019-11-21 |y BK |k QUI | ||